000 00313nam a2200109Ia 4500
008 171211s9999 xx 000 0 und d
245 _aPatient Flow: Reducing Delay in Healthcare Delivery
245 _cRandolph Hall
260 _c2006
650 _xFITNESS
856 _uhttp://down.ebook777.com/063/0387336354.pdf
999 _c349051
_d349051